| 000 | 01613nam0a2200361 4500 | ||
|---|---|---|---|
| 001 | RU\NLR\bibl\1076411 | ||
| 005 | 20250615044944.0 | ||
| 021 |
_aRU _b2007-16919 _9900 |
||
| 035 | _a(NLR Aleph) 001063610 | ||
| 090 |
_a954204 _c954204 |
||
| 100 | _a20070423d2006 |||y0rusy50 ca | ||
| 101 | 0 | _arus | |
| 102 | _aRU | ||
| 105 | _aa ||||||||| | ||
| 200 | 1 |
_aНелинейное пропускание кристалла ZnSe:Fe2+ на длине волны 2,92 мкм _fН.И. Ильичев, П.В. Шапкин, Л.А. Кулевский [и др.] |
|
| 210 |
_aМосква _c[б.и.] _d2006 |
||
| 215 |
_a10 с. _cил. _d21 |
||
| 225 | 1 |
_aПрепринт _fРос. акад. наук, Ин-т общей физики им. А.М. Прохорова ИОФРАН _vN 48 |
|
| 313 | _aвзаимодействие с лазерным излучением | ||
| 320 | _aБиблиогр.: с. 8 (10 назв.) | ||
| 606 | 1 |
_aСелениды цинка _xКристаллы _xНелинейные свойства _92479115 _3RU\NLR\auth\661471830 |
|
| 606 | 1 |
_aЛазерное излучение _xВзаимодействие с полупроводниками _92479100 _3RU\NLR\auth\661471821 |
|
| 686 | _aЗ86-013 | ||
| 686 | _aЗ843.325.240.634 | ||
| 701 | 1 |
_aИльичев _bН. Н. _gНиколай Николаевич _4070 |
|
| 701 | 1 |
_aШапкин _bП. В. _4070 |
|
| 701 | 1 |
_aКулевский _bЛ. А. _4070 |
|
| 801 | 0 |
_aRU _bNLR _c20070423 _gRCR |
|
| 801 | 1 |
_aRU _bNLR _c20070423 |
|
| 830 | _a1-й авт. раскрыт по ЭК | ||
| 942 | _cBOOK | ||
| 980 | _aNB | ||